Quizzes
Events
Quiz Creation
Community
Videos
Private Events
Remove Ads
Sign In
Join for FREE
Feedback
Dark Mode
Quiz Categories
Sports
Geography
Music
Movies
Television
Just For Fun
Miscellaneous
History
Literature
Language
Science
Gaming
Entertainment
Religion
Holiday
For Kids
Quiz Lab
Recent
Popular Today
Quiz Kudos Today
Editor Picks
Curator Picks
Quizzes by...
Day
Popularity
Type
Ratings
Length
Year
Community
Subscriptions
Recent Discussions
Orange Saloon
Badges
Playlists
Quests
Create
Leaderboards
Showdown
Live 5
Trivia Bingo
Activity
Puzzle Library
Sporcle Events
Private Events
Virtual Trivia
Globe League
Become a Host
Pub Owners
SporcleCon
Opinionation
Our Games
Videos
Blog
Mobile Apps
Partnerships
Remove Ads and Go Orange
Feedback
Geography
Country
Landmarks
City
State
Population
World
Capital
Continent
Flags
Europe
Africa
Asia
South America
North America
Oceania
Border
Canada
United Kingdom
Topography
United States
Geography
Country
Landmarks
City
State
Population
World
Capital
Continent
Flags
Europe
Africa
Asia
South America
North America
Oceania
Border
Canada
United Kingdom
Topography
United States
Random Quiz
Search Sporcle
×
Quiz Lab
Quiz Lab
Geography
metro
Type in answers that appear in a list
Type in answers that appear in a list
Classic
Best Score? Go Orange.
'Porte' stations on the Paris Metro Stats
Can you name the stations on the Paris Metro with the word 'Porte' in them?
By
oi96
5m
23 Questions
267 Plays
267 Plays
267 Plays
Comments
Comments
Give Quiz Kudos
Give Quiz Kudos
-
- Ratings
hide this ad
More Info
Replay
Link that replays current quiz
Next Quiz
Link to next quiz in quiz playlist
You Got
0%
They Got
Avg Score
67%
Avg Friend Score
Upgrade to see
Score Distribution
Jump to the score distribution portion of the page
Score
0/23
Timer
05:00
0
Plays Today
Line
Station name
% Correct
4
Porte d'Orléans
85%
1
Porte de Vincennes
84.6%
4
Porte de Clignancourt
84.3%
12
Porte de Versailles
78.3%
13
Porte de Clichy
77.9%
1
Porte Maillot
77.5%
7
Porte d'Italie
74.2%
2
Porte Dauphine
72.3%
7
Porte d'Ivry
71.5%
11
Porte des Lilas
69.3%
9
Porte de Montreuil
67%
12
Porte de la Chapelle
66.3%
Line
Station name
% Correct
3
Porte de Bagnolet
64.8%
10
Porte d'Auteuil
64.8%
13
Porte de Saint-Ouen
64.8%
13
Porte de Vanves
62.9%
5
Porte de Pantin
62.5%
9
Porte de Saint-Cloud
59.2%
8
Porte Dorée
58.8%
7
Porte de la Villette
57.3%
3
Porte de Champerret
55.4%
8
Porte de Charenton
52.1%
7
Porte de Choisy
48.3%
Quiz Playlist
Details
Report
Send in Message
Add To Playlist
More Info:
Don't bother writing "Porte" every time.
Classic:
Type in answers that appear in a list
Last Updated: Feb 16, 2017
Quiz Scoreboard
CHALLENGE
Sign Up to Join the Scoreboard
Show All
Scores
Hide
Comments
May contain spoilers
Recently Published
One Thing in Common: World Cities II
by knightlancer
Geography
7m
Popular People in 1961
by mucciniale
History
6m
1-10 Letter E Words III
by El_Dandy
Language
2m
More to Explore
Quiz From the Vault
Featured Blog Post
Where Did the Easter Bunny Come From?
hide this ad
You Might Also Like...
Tags
metro
pari
Paris Métro
port
station
Writing
Today's Top Quizzes in Geography
Browse Geography
hide this ad
Today's Top Quizzes in metro
Browse metro
Top Contributed Quizzes in Geography
1
Countries of the World - No Outlines Minefield
2
Top 25 Cities of France on a map
3
African Flag Reveal XLV
4
Closest Countries to UK A-Z
5
Blind Secret Country CLXXXVIII
6
Find the US States - No Outlines
7
One Thing in Common: Asia
8
One Thing in Common: United Kingdom
9
One Thing in Common: Geography
10
One Thing in Common: Around the World
Explore More
Trending Topics
Kpop
Harry Potter
Marvel
Anime
Crossword
NBA
Disney
NFL
Soccer
Pokémon
Puzzle
Country
Song
WWE
The Office
hide this ad
More By:
oi96
Quiz
Plays
Rating
Category
Featured
Created
Capitals of Central Asia
5,002
2.50
Geography
Dec 19, 2012
Railway stations in Cornwall
1,788
4.55
Geography
Mar 10, 2012
Railway Stations in Essex
1,301
4.40
Geography
Feb 19, 2012
Railway stations in Surrey
752
5.00
Geography
Feb 5, 2013
Stations on the East Coast Main Line (UK)
737
4.75
Geography
Feb 17, 2012
Go to Creator's Profile
Score Distribution
Quiz Creator Spotlight
oi96
Follow
Send a Message
Quizzes Created
-
Created Quiz Play Count
-
More By This Creator
Popular Quizzes Today
1
Find the US States - No Outlines Minefield
2
The Countries of the World
3
Find the Countries of Europe - No Outlines Minefield
4
Popular People in 1961
5
1-10 Letter E Words III
6
Find the US States
7
One Thing in Common: World Cities II
8
US States
More Geography Quizzes
Central America Order Blitz
Editor's Pick
Trending Quizzes
Risky Map Clicking: Least Populous States A-Z
1-10 Letter F Words
1-10 Letter G Words
One Thing in Common: United Kingdom
Risky Map Clicking: Next State Alphabetically
Recently Updated
Leaping Animals
pecheneg
Reality TV Shows (A-Z)
bhenderson79
Rickey Henderson's Hall of Fame Teammates
pecheneg
Champions League XIs: Arsenal
pecheneg
Quick Pick: Celebrities in WWE's Hall of Fame
aduchscher
A-Z Keypad Blitz II
pecheneg
Multiple Oscar Actors
pecheneg
Mystery Phrase Blitz: Oscar 'Best Actors'
pecheneg
F. Scott Fitzgerald Novels
LTH
Pick 3 Villains
ddd62291
Trending Topics
Anime
NBA
Harry Potter
Crossword
Kpop
Disney
Marvel
Song
Pokémon
The Office
Country
Puzzle
Soccer
WWE
NFL
Your Account Isn't Verified!
In order to create a playlist on Sporcle, you need to verify the email address you used during registration. Go to your
Sporcle Settings
to finish the process.
Report this User
Report this user for behavior that violates our
Community Guidelines
.
Details:
Send Report
Go to the Sporcle.com Mobile Site →
Comments